[Event "Open internationaal tornooi van Gent"]
[Site "Gent Kuipke, Belgium"]
[Date "2022.07.23"]
[Round "8.4"]
[White "Van der Stricht, Geert"]
[Black "Omelja, Artem"]
[Result "1-0"]
[WhiteElo "2401"]
[BlackElo "2478"]
[Annotator "EVL"]
[PlyCount "105"]
[EventDate "2022.??.??"]

{[%evp 0,105,24,24,24,6,6,6,6,-17,6,15,16,-2,-2,-19,22,15,11,-5,23,14,44,25,21,
19,87,89,117,91,92,62,104,48,77,97,87,78,78,78,104,110,84,72,115,64,91,63,56,
47,44,43,41,2,9,2,33,50,50,27,142,7,6,10,50,39,29,48,52,58,54,58,58,31,8,27,47,
10,72,1,0,0,0,0,24,0,59,56,54,76,188,152,185,182,226,170,159,231,151,162,135,
268,253,361,784,835,842,842]} 1. d4 d5 2. c4 e6 3. Nf3 Nf6 4. g3 Bb4+ 5. Bd2
Be7 6. Bg2 O-O 7. Qc2 c6 8. O-O Nbd7 9. Rd1 a5 10. Bf4 Ne4 11. Nc3 g5 12. Bc1
Nd6 13. c5 Ne8 14. e4 f5 15. exf5 exf5 16. Re1 Bf6 17. Na4 Ng7 18. Bd2 g4 19.
Ne5 Bxe5 20. dxe5 Ne6 21. Bh6 Rf7 22. h3 Kh8 23. hxg4 fxg4 24. Rac1 Qg8 25. Qd2
Qg6 26. Rc3 Qh5 27. Bf4 Ndf8 28. Nb6 Rb8 29. Be3 Ng7 30. Nxc8 Rxc8 31. Bg5 Nfe6
32. Bf6 Kg8 33. f3 Rcf8 34. Bxg7 Nxg7 35. f4 Qg6 36. Bf1 h5 37. Bd3 Qh6 38. Re2
Ne6 39. Bc2 h4 40. f5 Ng5 41. f6 Re8 42. Kg2 Qh5 43. Qf4 Ne6 44. Qf2 h3+ 45.
Kh1 Rff8 46. Ra3 Ra8 47. Ra4 Kf7 48. Bf5 Rg8 49. Bxe6+ Kxe6 50. Rf4 Rg5 51. f7
Rf8 52. Rf6+ Ke7 53. Qf4 1-0

[Event "Open internationaal tornooi van Gent"]
[Site "Gent Kuipke, Belgium"]
[Date "2022.07.23"]
[Round "8.1"]
[White "Sivuk, Vitaly"]
[Black "Palchuk, Andrii"]
[Result "1/2-1/2"]
[WhiteElo "2565"]
[BlackElo "2248"]
[PlyCount "99"]
[EventDate "2022.??.??"]

1. Nf3 Nf6 2. c4 e6 3. g3 d5 4. Bg2 dxc4 5. Qa4+ Nbd7 6. Qxc4 a6 7. Qc2 c5 8.
O-O b5 9. a4 Bb7 10. Nc3 Qb6 11. d3 Be7 12. axb5 axb5 13. Rxa8+ Bxa8 14. Qb3
Bc6 15. Nd2 Bxg2 16. Kxg2 Qc6+ 17. Kg1 b4 18. Nce4 Nd5 19. Nc4 O-O 20. Ned2 Ra8
21. Qc2 Ra2 22. e4 Nc3 23. Nb3 Nb5 24. Qb1 Ra8 25. Be3 Nd6 26. Ncd2 Qb5 27. Rc1
Rc8 28. Bf4 Nb7 29. Nc4 Nb6 30. Qc2 Bf8 31. Be3 h6 32. Ra1 Nxc4 33. Qxc4 Qxc4
34. dxc4 Nd6 35. Nd2 f6 36. Ra5 Nb7 37. Ra7 Nd8 38. Nb3 Nc6 39. Ra6 Ne5 40. Na5
Kf7 41. h3 Be7 42. f4 Nd7 43. Ra7 Ke8 44. Kf2 Nb8 45. Rb7 Nd7 46. Ke2 Ra8 47.
Nc6 Bd6 48. Na7 Kd8 49. Nc6+ Kc8 50. Ra7 1/2-1/2

[Event "Open internationaal tornooi van Gent"]
[Site "Gent Kuipke, Belgium"]
[Date "2022.07.23"]
[Round "8.6"]
[White "Burdalev, Kirill"]
[Black "De Boer, Rein"]
[Result "1-0"]
[WhiteElo "2381"]
[BlackElo "2060"]
[Annotator "EVL"]
[PlyCount "61"]
[EventDate "2022.??.??"]

{[%evp 0,61,24,24,24,-12,15,18,13,-6,20,21,8,11,1,-1,-6,-10,-10,-38,-28,-33,
-14,-19,-19,-19,-15,-15,-14,0,-25,-21,-21,-7,-1,6,14,15,24,26,38,24,45,36,94,
110,134,75,221,256,259,481,498,505,505,523,813,985,1187,1230,1287,1287,29999,
-30000]} 1. d4 Nf6 2. g3 e6 3. Bg2 d5 4. Nf3 Be7 5. O-O O-O 6. c4 dxc4 7. Qc2
a6 8. a4 Bd7 9. Rd1 Bc6 10. Nc3 Bxf3 11. Bxf3 Nc6 12. Bxc6 bxc6 13. a5 Rb8 14.
Qa4 Rb4 15. Qxc6 Qd6 16. Qf3 Qd7 17. e4 Rd8 18. Qe2 c6 19. Bf4 Qb7 20. Rd2 Kf8
21. Rc1 c5 22. dxc5 Rxd2 23. Qxd2 Rxb2 24. c6 Qb4 25. Qxb2 Qxb2 26. c7 Qb7 27.
Rb1 Bb4 28. Rxb4 Qxb4 29. c8=Q+ Ke7 30. Bc7 Qxc3 31. Qd8# 1-0

[Event "Open internationaal tornooi van Gent"]
[Site "Gent Kuipke, Belgium"]
[Date "2022.07.23"]
[Round "8.7"]
[White "Froeyman, Helmut"]
[Black "De Haas, Wouter"]
[Result "1-0"]
[WhiteElo "2289"]
[BlackElo "2060"]
[PlyCount "53"]
[EventDate "2022.??.??"]

1. e4 e5 2. Nf3 Nc6 3. Bb5 Nf6 4. O-O Nxe4 5. d4 Nd6 6. Bxc6 dxc6 7. dxe5 Nf5
8. Qxd8+ Kxd8 9. Nc3 Ke8 10. h3 h5 11. Bf4 Be6 12. Ng5 Nd4 13. Nxe6 Nxe6 14.
Be3 Bc5 15. Bxc5 Nxc5 16. f4 h4 17. Kf2 Rd8 18. Ke3 a5 19. Rad1 Rxd1 20. Rxd1
Nd7 21. Ne4 Ke7 22. Kf3 b5 23. c3 Rd8 24. Rd2 g5 25. Kg4 gxf4 26. Kxf4 Rg8 27.
Rxd7+ 1-0

[Event "Open internationaal tornooi van Gent"]
[Site "Gent Kuipke, Belgium"]
[Date "2022.07.23"]
[Round "8.3"]
[White "Van den Doel, Erik"]
[Black "McMichael, Richard J"]
[Result "1-0"]
[WhiteElo "2589"]
[BlackElo "2139"]
[PlyCount "65"]
[EventDate "2022.??.??"]

1. e4 e6 2. d4 d5 3. Nc3 Nc6 4. Nf3 Nf6 5. e5 Ne4 6. Ne2 f6 7. Ng3 fxe5 8. dxe5
Bd7 9. Nxe4 dxe4 10. Ng5 Nxe5 11. Nxe4 Bc6 12. Qh5+ Nf7 13. Bb5 Qd7 14. Bxc6
Qxc6 15. Qe2 O-O-O 16. O-O Be7 17. b3 Bf6 18. Rb1 Kb8 19. Ba3 Rd5 20. c4 Re5
21. f3 Ra5 22. Bc1 Re8 23. b4 Rh5 24. b5 Bd4+ 25. Kh1 Qd7 26. Rd1 e5 27. c5 Qe7
28. Be3 Bxe3 29. Qxe3 Rf5 30. c6 Nd6 31. Qa3 Rd8 32. cxb7 Rf7 33. b6 1-0

[Event "Open internationaal tornooi van Gent"]
[Site "Gent Kuipke, Belgium"]
[Date "2022.07.23"]
[Round "8.10"]
[White "Pauwels, Xander"]
[Black "Lindam, Ingo"]
[Result "1-0"]
[WhiteElo "2040"]
[BlackElo "2130"]
[PlyCount "59"]
[EventDate "2022.??.??"]

1. d4 Nf6 2. c4 g6 3. g3 Bg7 4. Bg2 O-O 5. Nc3 d6 6. Nf3 Nbd7 7. O-O e5 8. e4
c6 9. Re1 exd4 10. Nxd4 Ng4 11. Qxg4 Bxd4 12. Qd1 Qf6 13. Be3 Bxe3 14. Rxe3 Ne5
15. b3 g5 16. h3 Kh8 17. Qd2 Rg8 18. Rd1 Rg6 19. Qd4 b6 20. b4 Be6 21. c5 dxc5
22. bxc5 b5 23. Nd5 cxd5 24. exd5 Nc4 25. dxe6 Nxe3 26. fxe3 Rf8 27. e7 Rfg8
28. Rf1 Qxd4 29. exd4 f5 30. d5 1-0

[Event "Open internationaal tornooi van Gent"]
[Site "Gent Kuipke, Belgium"]
[Date "2022.07.23"]
[Round "8.8"]
[White "Lammens, Tim"]
[Black "De Jong, Jasper"]
[Result "1-0"]
[WhiteElo "2255"]
[BlackElo "2088"]
[Annotator "EVL"]
[PlyCount "77"]
[EventDate "2022.??.??"]

{[%evp 0,77,24,12,40,19,13,14,8,-1,25,17,9,7,10,31,32,15,35,21,30,16,15,-13,41,
46,46,28,46,45,66,53,53,41,43,43,46,51,48,65,40,49,56,48,59,54,50,50,106,122,
97,108,103,82,82,87,63,78,127,111,111,124,300,190,194,211,211,194,204,242,242,
146,165,147,258,360,347,202,476,512]} 1. Nf3 e6 2. g3 d5 3. Bg2 Nf6 4. d4 Bd6
5. c4 O-O 6. O-O b6 7. Nc3 Bb7 8. cxd5 exd5 9. Nh4 Qd7 10. Qc2 Re8 11. Nf5 Bf8
12. Bf4 Na6 13. Rfd1 Nb4 14. Qb1 Ne4 15. Ne3 Rad8 16. a3 Nxc3 17. bxc3 Na6 18.
c4 c6 19. cxd5 cxd5 20. Qa2 f6 21. h4 Qf7 22. Rac1 h6 23. g4 g5 24. Bg3 Rxe3
25. fxe3 Qe6 26. Kf2 Qxg4 27. Bf3 Qe6 28. Qc2 f5 29. hxg5 hxg5 30. Rh1 Re8 31.
Qd3 Re7 32. Rh5 g4 33. Bg2 Rf7 34. Be5 Bg7 35. Bxg7 Kxg7 36. Rch1 Nc7 37. Rh7+
Kf8 38. R1h5 Bc8 39. Rxf7+ 1-0

[Event "Open internationaal tornooi van Gent"]
[Site "Gent Kuipke, Belgium"]
[Date "2022.07.23"]
[Round "8.12"]
[White "Stone, Andrew M"]
[Black "Bulthuis, Jelle"]
[Result "1/2-1/2"]
[WhiteElo "2096"]
[BlackElo "1980"]
[PlyCount "27"]
[EventDate "2022.??.??"]

1. Nf3 d5 2. c4 d4 3. b4 f6 4. e3 e5 5. c5 a5 6. Qa4+ Bd7 7. b5 Bxc5 8. Bc4 Ne7
9. exd4 exd4 10. Ba3 Na6 11. O-O Nb4 12. Nc3 Bf5 13. Rac1 b6 14. Ne2 1/2-1/2

[Event "Open internationaal tornooi van Gent"]
[Site "Gent Kuipke, Belgium"]
[Date "2022.07.23"]
[Round "8.13"]
[White "Vinke, Maarten"]
[Black "Dauw, Sterre"]
[Result "0-1"]
[WhiteElo "2112"]
[BlackElo "2287"]
[PlyCount "50"]
[EventDate "2022.??.??"]

1. e4 c5 2. Nc3 a6 3. g3 b5 4. Bg2 Bb7 5. d3 e6 6. Nf3 d6 7. O-O Nf6 8. Re1 Be7
9. e5 dxe5 10. Nxe5 Bxg2 11. Kxg2 O-O 12. Qf3 Ra7 13. Bf4 Nfd7 14. Ng4 b4 15.
Na4 Qc8 16. Ne5 Bf6 17. Rad1 Bxe5 18. Bxe5 Nc6 19. d4 f6 20. Bd6 Nxd4 21. Rxd4
cxd4 22. Rxe6 Re8 23. Qd5 Rxe6 24. Qxe6+ Kh8 25. Bxb4 Qb7+ 0-1